[Event "ESP-chT CECLUB Div2"]
[Site "Linares"]
[Date "2020.08.26"]
[Round "4.5"]
[White "Canon Alvarez, Nerea"]
[Black "Gaspar Lopez, Daniel1111"]
[Result "1/2-1/2"]
[WhiteElo "1528"]
[BlackElo "1550"]
[PlyCount "151"]
[EventDate "2020.08.24"]
[EventType "team-tourn"]
[EventRounds "6"]
[EventCountry "ESP"]
[SourceTitle "CBM 198 Extra"]
[Source "ChessBase"]
[SourceDate "2020.11.30"]
[SourceVersion "1"]
[SourceVersionDate "2020.11.30"]
[SourceQuality "1"]
[WhiteTeam "Antonio Rico"]
[BlackTeam "Coin CC"]
[WhiteTeamCountry "ESP"]
[BlackTeamCountry "ESP"]

1. d4 d5 2. c4 e6 3. Nc3 c5 4. e3 Nf6 5. Nf3 cxd4 6. Nxd4 Be7 7. Be2 dxc4 8. Bxc4 0-0 9. 0-0 a6 10. Qc2 b5 11. Bd3 Bb7 12. a3 Qb6 13. b4 Nbd7 14. Qb3 Rac8 15. Bb2 Ne5 16. Be2 Nc4 17. Rfd1 Nd5 18. Rac1 Bf6 19. Ne4 Nxb2 20. Nxf6+ Nxf6 21. Qxb2 Bd5 22. Bf3 Rfd8 23. Bxd5 Nxd5 24. Nb3 Qa7 25. Rxc8 Rxc8 26. Nc5 a5 27. h3 h6 28. Ra1 Rd8 29. Qd4 Qb6 30. bxa5 Qc7 31. Rc1 Rc8 32. Nb3 Qb7 33. Rxc8+ Qxc8 34. Qa7 Qc4 35. Nd4 Qc1+ 36. Kh2 Qxa3 37. Qb8+ Kh7 38. Qa7 Qd6+ 39. Kg1 Nc7 40. Qb6 Ne8 41. Nxb5 Qxb6 42. axb6 Nf6 43. Nd6 Nd7 44. b7 Kg6 45. Kf1 f5 46. Nc4 Kf6 47. Ke2 Ke7 48. Kd3 Nc5+ 49. Kd4 Nxb7 50. Ke5 Nc5 51. Kf4 Nd3+ 52. Kf3 g5 53. Ke2 Nc5 54. Kf3 Kf6 55. Nd6 Nd3 56. Ke2 Ne5 57. f4 Ng6 58. g3 e5 59. Kf3 exf4 60. exf4 Ke6 61. Nc4 Kf6 62. Nd6 Ne7 63. Nc4 Nc6 64. Ke3 Nb4 65. Nb6 Nc2+ 66. Kf3 Nd4+ 67. Ke3 Nb3 68. Kf3 Nc5 69. Ke3 Ne4 70. Kf3 Kg6 71. Nd5 Nc5 72. Ne7+ Kf6 73. Ng8+ Kg7 74. Ne7 Kf6 75. Ng8+ Kg7 76. Ne7 1/2-1/2

[Event "ESP-chT CECLUB Div2"]
[Site "Linares"]
[Date "2020.08.25"]
[Round "3.5"]
[White "Estevez Sacristan, Deva"]
[Black "Canon Alvarez, Nerea"]
[Result "1-0"]
[WhiteElo "1779"]
[BlackElo "1528"]
[PlyCount "71"]
[EventDate "2020.08.24"]
[EventType "team-tourn"]
[EventRounds "6"]
[EventCountry "ESP"]
[SourceTitle "CBM 198 Extra"]
[Source "ChessBase"]
[SourceDate "2020.11.30"]
[SourceVersion "1"]
[SourceVersionDate "2020.11.30"]
[SourceQuality "1"]
[WhiteTeam "Villalba 64 Miscasa"]
[BlackTeam "Antonio Rico"]
[WhiteTeamCountry "ESP"]
[BlackTeamCountry "ESP"]

1. e4 e5 2. Nf3 Nc6 3. Bb5 a6 4. Ba4 Nf6 5. d3 b5 6. Bb3 d6 7. 0-0 Be7 8. c3 Bg4 9. Re1 0-0 10. Nbd2 Qd7 11. Nf1 h6 12. h3 Be6 13. d4 Bxb3 14. Qxb3 exd4 15. cxd4 d5 16. e5 Nh7 17. Bd2 Nd8 18. Ne3 c6 19. a4 Ne6 20. Nf5 Rfc8 21. axb5 axb5 22. Rec1 Bf8 23. Ne3 Nf4 24. Kf1 Be7 25. Qc2 Rxa1 26. Rxa1 Ng5 27. Nxg5 Bxg5 28. Nf5 g6 29. Nd6 Rf8 30. Bxf4 Bxf4 31. Ra6 c5 32. Qxc5 Rb8 33. Ra7 Qe6 34. Rxf7 Bxe5 35. dxe5 Qxe5 36. Qa7 1-0

[Event "Pontevedra op-B 6th"]
[Site "Pontevedra"]
[Date "2018.08.12"]
[Round "7"]
[White "Oliveira, Maria Alice Ramos"]
[Black "Canon Alvarez, Nerea"]
[Result "1-0"]
[WhiteElo "1542"]
[BlackElo "1357"]
[PlyCount "39"]
[EventDate "2018.08.08"]
[EventType "swiss"]
[EventRounds "9"]
[EventCountry "ESP"]
[SourceTitle "CBM 186 Extra"]
[Source "ChessBase"]
[SourceDate "2018.08.24"]
[SourceVersion "1"]
[SourceVersionDate "2018.08.24"]
[SourceQuality "1"]

1. e4 e5 2. Nf3 Nc6 3. Bb5 d6 4. d4 exd4 5. Qxd4 Bd7 6. Bxc6 Bxc6 7. Nc3 Nf6 8. 0-0 Be7 9. b3 b6 10. Bb2 Bb7 11. Rfe1 0-0 12. Nd5 c6 13. Nxe7+ Qxe7 14. e5 dxe5 15. Rxe5 Qd8 16. Qf4 Qc7 17. Qg3 Nd7 18. Qxg7+ Kxg7 19. Rg5+ Kh6 20. Bg7# 1-0

[Event "Pontevedra op-B 6th"]
[Site "Pontevedra"]
[Date "2018.08.10"]
[Round "3"]
[White "Gonzalez Fernandez, Alicia"]
[Black "Canon Alvarez, Nerea"]
[Result "0-1"]
[WhiteElo "1443"]
[BlackElo "1357"]
[PlyCount "36"]
[EventDate "2018.08.08"]
[EventType "swiss"]
[EventRounds "9"]
[EventCountry "ESP"]
[SourceTitle "CBM 186 Extra"]
[Source "ChessBase"]
[SourceDate "2018.08.24"]
[SourceVersion "1"]
[SourceVersionDate "2018.08.24"]
[SourceQuality "1"]

1. d4 d5 2. Nf3 Nf6 3. Bf4 e6 4. e3 Bd6 5. Bg3 Bxg3 6. hxg3 Nbd7 7. c4 c5 8. Qc2 Qa5+ 9. Nbd2 Ne4 10. cxd5 exd5 11. Bd3 Ndf6 12. Bf1 Nxd2 13. Nxd2 c4 14. Be2 Be6 15. f3 b5 16. e4 h6 17. exd5 Nxd5 18. f4 Ne3 0-1